Normal view
MARC view
- Nelson, Peter R
Entry Personal Name
001 - CONTROL NUMBER
- control field: 101044
003 - CONTROL NUMBER IDENTIFIER
- control field: NUST
005 - DATE AND TIME OF LATEST TRANSACTION
- control field: 20221020172559.0
008 - FIXED-LENGTH DATA ELEMENTS
- fixed length control field: 221020|| aca||aabn | a|a d
040 ## - CATALOGING SOURCE
- Original cataloging agency: NUST
- Transcribing agency: NUST
100 ## - HEADING--PERSONAL NAME
- Personal name: Nelson, Peter R
670 ## - SOURCE DATA FOUND
- Source citation: Work cat.: (NUST)184766: Nelson, Peter R., Introductory statistics for engineering experimentation /, 2003.
